LIBRARY & INFORMATION CENTRE, KCAET, TAVANUR

ONLINE PUBLIC ACCESS CATALOGUE (OPAC)

Emerging Technologies for Food Processing (Record no. 14303)

MARC details
000 -LEADER
fixed length control field 00438nam a22001577a 4500
003 - CONTROL NUMBER IDENTIFIER
control field OSt
008 - FIXED-LENGTH DATA ELEMENTS--GENERAL INFORMATION
fixed length control field 211011b ||||| |||| 00| 0 eng d
020 ## - INTERNATIONAL STANDARD BOOK NUMBER
ISBN 9789381269732
082 ## - DEWEY DECIMAL CLASSIFICATION NUMBER
Classification number 664
Item number SUN/EM
245 ## - TITLE STATEMENT
Title Emerging Technologies for Food Processing
260 ## - PUBLICATION, DISTRIBUTION, ETC. (IMPRINT)
Place of publication New Delhi
Name of publisher Elsevier - Academic Press
Year of publication 2012
300 ## - PHYSICAL DESCRIPTION
Number of Pages 771
490 ## - SERIES STATEMENT
Series statement Food Science and Technology, International series
700 ## - ADDED ENTRY--PERSONAL NAME
Personal name Sun,Da-Wen
942 ## - ADDED ENTRY ELEMENTS (KOHA)
Koha item type Reference
Holdings
Withdrawn status Lost status Damaged status Collection code Home library Current library Shelving location Date acquired Source of acquisition Cost, normal purchase price Full call number Accession Number Koha item type
      Reference KAUAET KAUAET Reference1 14/06/2016 Dream Tech, Trivandrum 4995.00 664 SUN/EM 24429 Reference
      Reference KAUAET KAUAET Reference1 26/07/2016 Southern Book Star, Tvm. 4995.00 664 SUN/EM 24518 Reference
free website counter